Вып.1: История оперы в Европе до Люлли и Скарлатти. Истоки современного музыкального театра; Музыкально-историческое наследие

Dades bibliogràfiques
Parent link:Музыкально-историческое наследие: в 8 вып: пер. с фр./ Р. Роллан. Вып.1: История оперы в Европе до Люлли и Скарлатти. Истоки современного музыкального театра.— , 1986-
Idioma:rus
Publicat: 1986
Matèries:
Format: MixedMaterials Llibre
KOHA link:https://koha.lib.tpu.ru/cgi-bin/koha/opac-detail.pl?biblionumber=265353

MARC

LEADER 00000nam2a2200000 4500
001 265353
005 20231101233919.0
035 |a (RuTPU)RU\TPU\book\288354 
035 |a RU\TPU\book\164566 
090 |a 265353 
100 |a 20140625d1986 m y0rusy50 ca 
101 1 |a rus  |c fre 
102 |a RU 
200 0 |a Вып.1: История оперы в Европе до Люлли и Скарлатти. Истоки современного музыкального театра 
210 |d 1986 
215 |a 310 с.  |c нот. ил. 
320 |a Библиогр. в тексте 
320 |a Указатель имен: с. 279-283. 
461 1 |0 (RuTPU)RU\TPU\book\173193  |t Музыкально-историческое наследие  |o в 8 вып: пер. с фр.  |f Р. Роллан  |v Вып.1: История оперы в Европе до Люлли и Скарлатти. Истоки современного музыкального театра  |d 1986- 
600 1 |a Роллан  |b Р.  |c французский писатель  |f 1866-1944  |g Ромен  |2 stltpush  |3 (RuTPU)RU\TPU\pers\6104  |9 1196 
610 1 |a немецкая музыка 
610 1 |a 18 век 
610 1 |a 19 век 
610 1 |a биография 
610 1 |a письма 
675 |a 78  |v 3 
675 |a 78.071.1(092)  |v 3 
801 1 |a RU  |b 63413507  |c 20090127  |g PSBO 
801 2 |a RU  |b 63413507  |c 20150915  |g PSBO 
942 |c BK